Normal view
MARC view
- Nise's Control Systems Engineering
Entry Topical Term
001 - CONTROL NUMBER
- control field: 69546
003 - CONTROL NUMBER IDENTIFIER
- control field: NUST
005 - DATE AND TIME OF LATEST TRANSACTION
- control field: 20210628204241.0
008 - FIXED-LENGTH DATA ELEMENTS
- fixed length control field: 210628|| aca||aabn | a|a d
040 ## - CATALOGING SOURCE
- Original cataloging agency: NUST
- Transcribing agency: NUST
150 ## - HEADING--TOPICAL TERM
- Topical term or geographic name entry element: Nise's Control Systems Engineering
670 ## - SOURCE DATA FOUND
- Source citation: Work cat.: (NUST): Nise, Norman s. 61598, Nise's control systems engineering, 2015
